| 000 | 00663nam a2200193Ia 4500 | ||
|---|---|---|---|
| 003 | GCL | ||
| 008 | 140319s9999 xx 000 0 ara d | ||
| 040 |
_aGCL / _cGCL |
||
| 082 | 0 | 4 |
_a953 _bع م |
| 100 | 1 | _aعبدالمنعم ماجد | |
| 245 | 1 | 0 |
_aمقدمة لدراسة التاريخ الاسلامى تعريف بمصادر التاريخ الاسلامى ومنهاجة الحديث / _cعبدالمنعم ماجد |
| 260 |
_a[S.N] : _bمكتبة الانجلوالمصرية ، _c1987 |
||
| 300 | _a102 ص | ||
| 490 | _a | ||
| 650 | 0 | 4 | _aالتاريخ الاسلامى |
| 650 | 0 | 4 | _aالتاريخ |
| 650 | 0 | 4 | _aالمؤرخون |
| 942 |
_2ddc _cBK |
||
| 999 |
_c34325 _d34325 |
||